| 000 | 00714cam a22002177i 4500 | ||
|---|---|---|---|
| 020 | _a9789251076989 | ||
| 040 | _cDLC | ||
| 082 | _a338 FAO 2015 C323 Or. | ||
| 245 | 0 | 0 | _aInnovative institutions, public policies and private strategies for agro-enterprise development / |
| 300 |
_axxvii, 340 pages : _billustrations, maps, charts ; _c24 cm |
||
| 500 | _aMinimal Level Cataloging Plus. | ||
| 650 | 0 | _aAgricultural industries | |
| 650 | 0 | _aProduce trade | |
| 650 | 0 | _aAgriculture | |
| 650 | 0 | _aAgricultural industries. | |
| 650 | 0 | _aAgriculture | |
| 650 | 0 | _aAgricultural industries | |
| 700 | 1 | _aChristy, Ralph D., | |
| 710 | 2 | _aFood and Agriculture Organization of the United Nations, | |
| 942 | _cAEDBB | ||
| 999 |
_c20252 _d20252 |
||